| 000 | 00631nam a2200205 i 4500 | ||
|---|---|---|---|
| 001 | 81646 | ||
| 003 | ES-MaACL | ||
| 005 | 20251216134122.0 | ||
| 007 | t| | ||
| 008 | 041105s1912 fr ||||1| fre d | ||
| 100 | 1 |
_aHuby, Joseph. _964507 |
|
| 245 | 1 | 0 |
_aChristus _b: manuel d'Histoire des religions / _cpar Joseph Huby. |
| 260 |
_aParis : _b[s.n., _c1912] ( _fFirmin Didot) |
||
| 300 |
_a1036 p., 20 lám. ; _c19 cm. |
||
| 650 | 0 | 4 |
_aReligiones- _xHistoria _916823 |
| 852 |
_aES-MaACL _jG-1976 _cDEPO2 |
||
| 856 | _2http://bdh-rd.bne.es/viewer.vm?id=0000260697&page=1 | ||
| 942 | _2udc | ||
| 999 |
_c81646 _d81646 |
||